ТКМ410 - новый контроллер ТЕКОН для муниципальной теплоэнергетики и промышленности; Промышленные АСУ и контроллеры; № 4

Dades bibliogràfiques
Parent link:Промышленные АСУ и контроллеры: ежемесячный научно-технический производственный журнал.— , 2002-
№ 4.— 2004.— С. 43-46
Autor principal: Филимонов Д. А.
Altres autors: Демишев Г. А., Романов Б. А.
Idioma:rus
Publicat: 2004
Col·lecció:Технические средства АСУТП
Matèries:
Format: Capítol de llibre
KOHA link:https://koha.lib.tpu.ru/cgi-bin/koha/opac-detail.pl?biblionumber=394736

MARC

LEADER 00000naa2a2200000 4500
001 394736
005 20231101064532.0
035 |a (RuTPU)RU\TPU\prd\31650 
090 |a 394736 
100 |a 20050113a2004 k y0rusy50 ca 
101 0 |a rus 
102 |a RU 
200 1 |a ТКМ410 - новый контроллер ТЕКОН для муниципальной теплоэнергетики и промышленности  |f Д. А. Филимонов, Г. А. Демишев, Б. А. Романов 
225 1 |a Технические средства АСУТП 
461 1 |0 (RuTPU)RU\TPU\prd\2287  |t Промышленные АСУ и контроллеры  |o ежемесячный научно-технический производственный журнал  |d 2002- 
463 1 |0 (RuTPU)RU\TPU\prd\26087  |t № 4  |v С. 43-46  |d 2004 
610 1 |a контроллеры 
610 1 |a теплоэнергетика 
610 1 |a промышленные контроллеры 
610 1 |a программируемые контроллеры 
610 1 |a логические контроллеры 
700 1 |a Филимонов  |b Д. А. 
701 1 |a Демишев  |b Г. А. 
701 1 |a Романов  |b Б. А. 
801 1 |a RU  |b 63413507  |c 20050113  |g PSBO 
942 |c BK